00517 2200205 4500001002100000008004100021035002000062245007800082100001800160250000600178260003200184300001100216084001400227082000800241650001400249990001200263990001200275990001200287990001200299INLIS000000000000445 ind  a0010-0424000421 aNama - Nama Besar Ahli Alam Pertama : Aristoteles BilingualcSteve Parker aParker, Steve a1 aBandung :bPakar Rayac2009 a32 hlm a508 STE n a508 aNon Fiksi a0722584 a0722585 a0722586 a0722587